Agiculture negotiations in WTO: Critical issues and Concerns (Record no. 53945)
[ view plain ]
| 000 -LEADER | |
|---|---|
| fixed length control field | 01286nam a2200157Ia 4500 |
| 100 ## - MAIN ENTRY--AUTHOR NAME | |
| Personal name | Sinha Rohit |
| 245 #0 - TITLE STATEMENT | |
| Title | Agiculture negotiations in WTO: Critical issues and Concerns |
| 260 ## - PUBLICATION, DISTRIBUTION, ETC. (IMPRINT) | |
| Name of publisher | Focus WTO |
| Year of publication | 2013 |
| 300 ## - PHYSICAL DESCRIPTION | |
| Number of Pages | 8-Jan |
| 520 ## - SUMMARY, ETC. | |
| Summary, etc | The Doha Developement Round is currently engaged ina series of negotiations to rationalize the agricultural farm sector by undertaking substantial tariff reduction programme. There has been some movement towards rationalization. However, developing countries argue that in the event of whole hearted liberalization, most of the developing countries are going to experience significant losses in the world trade as they are not able compete in world economy due to domestic subsidy and export competition measures provided by developed countries. The paper makes an attempt to suggest how measures like SSM ans SP can be effective for developing countries in the wake of agicultural trade liberalization. It analyzes and informs that developing countries as an effective group have the ability and capacity to argue out their case in the coming Ministerial conference which can deliver some concrete results. |
| 650 ## - SUBJECT ADDED ENTRY--TOPICAL TERM | |
| Topical Term | SSM |
| 650 ## - SUBJECT ADDED ENTRY--TOPICAL TERM | |
| Topical Term | WTO |
| 700 ## - ADDED ENTRY--PERSONAL NAME | |
| Personal name | Nataraj Geethanjali |
| 942 ## - ADDED ENTRY ELEMENTS (KOHA) | |
| Koha item type | Journals |
| Withdrawn status | Lost status | Damaged status | Not for loan | Home library | Current library | Date acquired | Serial Enumeration / chronology | Koha item type |
|---|---|---|---|---|---|---|---|---|
| Journals | RRII Library | RRII Library | 20/03/2014 | Volume 14, Issue 6 | Journals |